LEADER 00957cam0-2200325---450 001 9910646794503321 005 20230227095335.0 010 $a88-17-84296-6 035 $a000587685 035 $aFED01000587685 035 $a(Aleph)000587685FED01 100 $a20000421d1993----km-y0itay50------ba 101 0 $aita 102 $aIT 105 $ay-------001yb 200 1 $aCara Eleonora$fMaria Antonietta Macciocchi 205 $a1. ed. 210 $aMilano$cRizzoli$d1993 215 $a398 p.$d20 cm 512 1 $aCara Eleonora : passione e morte della Fonseca Pimentel nella rivoluzione napoletana 610 0 $aRepubblica partenopea 610 0 $aFonseca Pimentel, Eleonora 700 1$aMacciocchi,$bMaria Antonietta$f<1922-2007>$0132790 801 0$aIT$bUNINA$gRICA$2UNIMARC 901 $aBK 912 $a9910646794503321 952 $aFONDO ROSSI 4017$bROSSI 4138$fFARBC 959 $aFARBC 996 $aCara Eleonora$9564271 997 $aUNINA LEADER 02177nas 2200589-a 450 001 996211393203316 005 20231214213021.0 011 $a1497-9381 035 $a(DE-599)ZDB2187990-4 035 $a(OCoLC)1082715614 035 $a(CKB)991042733902288 035 $a(CONSER)cn2001701819 035 $a(EXLCZ)99991042733902288 100 $a20010417b20002004 -a- a 101 0 $aeng 135 $aurcn||||||||| 181 $ctxt$2rdacontent 182 $cc$2rdamedia 183 $acr$2rdacarrier 200 10$aRegional economic observer 210 $a[Ottawa] $cIndustry Canada$d[2000-2004] 300 $aArchived by the National Library of Canada. 311 $a1497-1178 531 0 $aReg. econ. obs. 606 $aEconomic indicators$zCanada$xProvinces$vPeriodicals 606 $aLabor market$zCanada$xProvinces$vStatistics$vPeriodicals 606 $aIndicateurs économiques$zCanada$xProvinces$vPériodiques 606 $aTravail$zCanada$xProvinces$vStatistiques$vPériodiques 606 $aEconomic history$2fast$3(OCoLC)fst00901974 606 $aEconomic indicators$xCanadian provinces$2fast$3(OCoLC)fst00901998 606 $aLabor market$xCanadian provinces$2fast$3(OCoLC)fst00990037 607 $aCanada$xEconomic conditions$y1991-$vStatistics$vPeriodicals 607 $aCanada$xConditions économiques$y1991-$vStatistiques$vPériodiques 607 $aCanada$2fast$1https://id.oclc.org/worldcat/entity/E39PBJkMHVW4rfVXPrhVP4VwG3 608 $aPeriodicals.$2fast 608 $aStatistics.$2fast 615 0$aEconomic indicators$xProvinces 615 0$aLabor market$xProvinces 615 6$aIndicateurs économiques$xProvinces 615 6$aTravail$xProvinces 615 7$aEconomic history. 615 7$aEconomic indicators$xCanadian provinces. 615 7$aLabor market$xCanadian provinces. 676 $a330.971/0648/021 686 $acci1icc$2lacc 686 $acoll11$2lacc 686 $acoll14$2lacc 712 02$aCanada.$bIndustry Canada.$bMicro-Economic Policy Analysis Branch. 906 $aJOURNAL 912 $a996211393203316 996 $aRegional economic observer$92160956 997 $aUNISA